Global tectonics / (Record no. 178393)

000 -LEADER
fixed length control field 01306 a2200241 4500
003 - CONTROL NUMBER IDENTIFIER
control field Nust
005 - DATE AND TIME OF LATEST TRANSACTION
control field 20221013172233.0
010 ## - LIBRARY OF CONGRESS CONTROL NUMBER
LC control number 95049623
040 ## - CATALOGING SOURCE
Transcribing agency Nust
082 00 - DEWEY DECIMAL CLASSIFICATION NUMBER
Classification number 551.1,KEA
100 1# - MAIN ENTRY--PERSONAL NAME
Personal name Kearey, P.
9 (RLIN) 15225
245 10 - TITLE STATEMENT
Title Global tectonics /
Statement of responsibility, etc. Philip Kearey, Frederick J. Vine.
250 ## - EDITION STATEMENT
Edition statement 2nd ed.
260 ## - PUBLICATION, DISTRIBUTION, ETC.
Place of publication, distribution, etc. Boston :
Name of publisher, distributor, etc. Blackwell Science,
Date of publication, distribution, etc. c1996.
300 ## - PHYSICAL DESCRIPTION
Extent x, 333 p. :
Other physical details ill. ;
Dimensions 25 cm.
505 ## - FORMATTED CONTENTS NOTE
Formatted contents note Historical Perspective (Page-1), Internal Structure of the Earth (Page-8), Continental Drift (Page-46), Sea Floor Spreading (Page-62), The Framework of Plate Tectonics (Page-76), Ocean Ridges (Page-103), Transform and Tran current Faults (Page-122), Seduction Zones (Page-138), Mountain Ranges (Page-174), Continental Rifts, Continental margins and Sedimentary basins (Page-209), The Mechanism of Plate Tectonics (Page-248), Implications of Plate Tectonics (Page-269).
650 #0 - SUBJECT ADDED ENTRY--TOPICAL TERM
Topical term or geographic name entry element Plate tectonics
9 (RLIN) 100232
700 1# - ADDED ENTRY--PERSONAL NAME
Personal name Vine, F. J.
9 (RLIN) 15227
856 41 - ELECTRONIC LOCATION AND ACCESS
Materials specified Contributor biographical information
Uniform Resource Identifier <a href="http://www.loc.gov/catdir/enhancements/fy0802/95049623-b.html">http://www.loc.gov/catdir/enhancements/fy0802/95049623-b.html</a>
856 41 - ELECTRONIC LOCATION AND ACCESS
Materials specified Publisher description
Uniform Resource Identifier <a href="http://www.loc.gov/catdir/enhancements/fy0802/95049623-d.html">http://www.loc.gov/catdir/enhancements/fy0802/95049623-d.html</a>
856 41 - ELECTRONIC LOCATION AND ACCESS
Materials specified Table of contents only
Uniform Resource Identifier <a href="http://www.loc.gov/catdir/enhancements/fy0802/95049623-t.html">http://www.loc.gov/catdir/enhancements/fy0802/95049623-t.html</a>
942 ## - ADDED ENTRY ELEMENTS (KOHA)
Source of classification or shelving scheme
Koha item type Book
Holdings
Withdrawn status Lost status Source of classification or shelving scheme Damaged status Not for loan Permanent Location Current Location Shelving location Date acquired Full call number Barcode Date last seen Price effective from Koha item type Public note
          Military College of Signals (MCS) Military College of Signals (MCS) General Stacks 12/12/2016 551.1,KEA MCS34413 12/08/2016 12/12/2016 Book Almirah No.25, Shelf No.5
© 2023 Central Library, National University of Sciences and Technology. All Rights Reserved.